Music Quiz

Random Music or On This Day Quiz

7-to-1: Canadian Singers Quiz Stats

 Plays Quiz not verified by Sporcle

Score 0/28 Timer 05:00
2 Plays Today
% Correct
Baby
92.4%
My Heart Will Go On
91.7%
(Everything I Do) I Do It For You
86.1%
Summer of '69
85.6%
Man! I Feel Like a Woman!
85.2%
Sk8ter Boi
84.3%
That Don't Impress Me Much
82.9%
Hotline Bling
81%
Boyfriend
78.7%
Complicated
76.2%
God's Plan
73.4%
Sorry
72.2%
Have You Ever Really Loved a Woman?
72.2%
The Power of Love
70.8%
% Correct
Never Say Never
69.4%
Pour que tu m'aimes encore
69.4%
You're Still the One
68.8%
It's All Coming Back To Me Now
68.3%
Because You Loved Me
65.7%
Beauty and a Beat
65.3%
Harvest Moon
63%
Run to You
62.7%
All By Myself
62.3%
What Do You Mean?
61.8%
In My Feelings
59.5%
As Long As You Love Me
58.6%
One Dance
55.8%
Please Forgive Me
54.2%

You're not logged in!

Compare scores with friends on all Sporcle quizzes.
OR
Log In

Show Comments

Extras

Top Quizzes Today


Score Distribution

Your Account Isn't Verified!

In order to create a playlist on Sporcle, you need to verify the email address you used during registration. Go to your Sporcle Settings to finish the process.

Report this User

Report this user for behavior that violates our Community Guidelines.

Details: